[Event "Open Letní Praha 2018 - A"]
[Site "Praha"]
[Date "2018.08.03"]
[Round "1"]
[Board "25"]
[White "Ciolek, Andreas"]
[Black "Sorensen, Simen"]
[Result "1-0"]
[WhiteElo "2216"]
[BlackElo "1906"]
[PlyCount "101"]
[EventDate "2018.08.03"]
[EventRounds "9"]
[EventCountry "CZE"]

1. e4 c5 2. Nf3 e6 3. d4 cxd4 4. Nxd4 Nc6 5. Nc3 Qc7 6. g3 Nf6 7. Ndb5 Qb8 8.
Bf4 e5 9. Bg5 a6 10. Bxf6 gxf6 11. Na3 Bxa3 12. bxa3 Ne7 13. Bg2 Qc7 14. Qf3
O-O 15. O-O Qc6 16. Nd5 Nxd5 17. exd5 Qd6 18. Rab1 Qe7 19. d6 Qxd6 20. Rb4 Qe6
21. Bh3 Qxh3 22. Rg4+ Qxg4 23. Qxg4+ Kh8 24. Qb4 Kg7 25. f4 d6 26. fxe5 dxe5
27. Qe7 f5 28. Qg5+ Kh8 29. Qf6+ Kg8 30. h4 Be6 31. h5 Rfd8 32. h6 Kf8 33. Qg7+
Ke7 34. Qxe5 Rd5 35. Qc7+ Rd7 36. Qc5+ Ke8 37. Qe5 Rad8 38. Rxf5 Rd2 39. Rf2
Rd1+ 40. Kh2 R8d5 41. Qb8+ Rd8 42. Qxb7 R8d5 43. g4 R5d4 44. Rf4 R4d2+ 45. Kg3
Rg1+ 46. Kh4 Rdg2 47. Qb8+ Ke7 48. Qb4+ Ke8 49. Rd4 f6 50. Qb8+ Kf7 51. Qc7+
 1-0

[Event "Open Letní Praha 2018 - A"]
[Site "Praha"]
[Date "2018.08.03"]
[Round "1"]
[Board "26"]
[White "Fuglestein, Sander"]
[Black "Soural, Jan"]
[Result "1/2-1/2"]
[WhiteElo "1885"]
[BlackElo "2213"]
[PlyCount "85"]
[EventDate "2018.08.03"]
[EventRounds "9"]
[EventCountry "CZE"]

1. d4 Nf6 2. Nf3 g6 3. g3 Bg7 4. Bg2 O-O 5. O-O d6 6. c4 c6 7. Nc3 Qa5 8. e4 e5
9. d5 cxd5 10. cxd5 b5 11. Re1 b4 12. Nb1 Nbd7 13. Nbd2 Ba6 14. Nb3 Qa4 15. a3
Bc4 16. Nbd2 Qxd1 17. Rxd1 Bd3 18. axb4 Rfb8 19. Re1 Rxb4 20. b3 Nxe4 21. Ba3
Nxd2 22. Bxb4 Nxb3 23. Ra3 Ndc5 24. Nd2 Nxd2 25. Bxd2 e4 26. Bf1 f5 27. Be3 a5
28. Bxd3 Nxd3 29. Rb1 a4 30. Rb5 Be5 31. Kf1 Bf6 32. h4 Be5 33. Ke2 Bb2 34. Ra2
a3 35. Bd2 Ra4 36. Rb6 Be5 37. Rb3 Bb2 38. Rb6 Bd4 39. Rxd6 Bxf2 40. Rd8+ Kf7
41. Bg5 Ra7 42. Rxa3 Rxa3 43. Rd7+  1/2-1/2

[Event "Open Letní Praha 2018 - A"]
[Site "Praha"]
[Date "2018.08.03"]
[Round "1"]
[Board "29"]
[White "Kizatbay, Abyl"]
[Black "Solger, Bernhard"]
[Result "1/2-1/2"]
[WhiteElo "2205"]
[BlackElo "1877"]
[PlyCount "75"]
[EventDate "2018.08.03"]
[EventRounds "9"]
[EventCountry "CZE"]

1. e4 c6 2. Nc3 d5 3. Nf3 Bg4 4. h3 Bxf3 5. Qxf3 e6 6. g3 Nf6 7. Bg2 Nbd7 8. d4
dxe4 9. Nxe4 Nxe4 10. Qxe4 Nf6 11. Qd3 Be7 12. O-O O-O 13. b3 Qc7 14. Bb2 Rad8
15. Qe2 Rd7 16. Rfd1 Rfd8 17. c4 Ne8 18. Rd3 Bf6 19. Rad1 c5 20. d5 Bxb2 21.
Qxb2 Nf6 22. Qe2 exd5 23. Bxd5 Re8 24. Qf3 Nxd5 25. Rxd5 Rde7 26. Qf5 g6 27.
Qg4 Qc6 28. R1d2 b6 29. h4 h5 30. Qf3 Kg7 31. Kg2 Re1 32. Rd1 Rxd1 33. Rxd1
Qxf3+ 34. Kxf3 Re7 35. Rd6 f6 36. Rd8 Kf7 37. Rd5 Ke6 38. Rd3  1/2-1/2

[Event "Open Letní Praha 2018 - A"]
[Site "Praha"]
[Date "2018.08.03"]
[Round "1"]
[Board "30"]
[White "Maier, Maxmilian"]
[Black "Ajay Krishna, S"]
[Result "0-1"]
[WhiteElo "1876"]
[BlackElo "2200"]
[PlyCount "56"]
[EventDate "2018.08.03"]
[EventRounds "9"]
[EventCountry "CZE"]

1. c4 c5 2. Nc3 e6 3. e4 d6 4. g3 Nc6 5. Bg2 g6 6. Nge2 Bg7 7. O-O Nge7 8. d3
a6 9. Be3 Nd4 10. Qd2 Qa5 11. Nf4 Nec6 12. Rac1 Ne5 13. f3 O-O 14. h4 b5 15. b3
Bb7 16. Nb1 Qxd2 17. Bxd2 b4 18. Be3 Nec6 19. Kf2 a5 20. Ne2 a4 21. Nxd4 Nxd4
22. Bxd4 Bxd4+ 23. Ke2 axb3 24. axb3 Ra2+ 25. Nd2 Bc3 26. Rfd1 Rfa8 27. f4 Rb2
28. Rb1 Rxd2+  0-1

[Event "Open Letní Praha 2018 - A"]
[Site "Praha"]
[Date "2018.08.03"]
[Round "1"]
[Board "31"]
[White "Zlatin, Alexander"]
[Black "Bartos, Miroslav"]
[Result "1-0"]
[WhiteElo "2193"]
[BlackElo "1870"]
[PlyCount "63"]
[EventDate "2018.08.03"]
[EventRounds "9"]
[EventCountry "CZE"]

1. e4 g6 2. d4 Bg7 3. Be3 d6 4. f3 a6 5. Qd2 b5 6. a4 bxa4 7. Nc3 Nd7 8. Nxa4
Bb7 9. Bd3 Qc8 10. Ne2 Nb6 11. Qa5 Nxa4 12. Qxa4+ Qd7 13. b4 Qxa4 14. Rxa4 Kd7
15. Kd2 e6 16. Rha1 Ne7 17. Bxa6 Bxa6 18. Rxa6 Rxa6 19. Rxa6 Rb8 20. c3 Rb7 21.
Kd3 Nc8 22. Nc1 Ra7 23. Rxa7 Nxa7 24. Nb3 Nc6 25. b5 Ne7 26. c4 Nc8 27. c5 d5
28. Bf4 Na7 29. b6 cxb6 30. cxb6 Nc6 31. exd5 exd5 32. b7  1-0

[Event "Open Letní Praha 2018 - A"]
[Site "Praha"]
[Date "2018.08.03"]
[Round "1"]
[Board "32"]
[White "Gokhale, Rishabh Chandrashekhar"]
[Black "Skalsky, Alexandr"]
[Result "0-1"]
[WhiteElo "1867"]
[BlackElo "2177"]
[PlyCount "64"]
[EventDate "2018.08.03"]
[EventRounds "9"]
[EventCountry "CZE"]

1. d4 Nf6 2. Nf3 g6 3. Bf4 Bg7 4. e3 d6 5. h3 O-O 6. Be2 c5 7. O-O cxd4 8. exd4
d5 9. c3 Nc6 10. Nbd2 Bf5 11. g4 Be6 12. Ne5 Nd7 13. Nxc6 bxc6 14. b4 f6 15.
Ba6 Qb6 16. Qe2 Bf7 17. Qxe7 Qxa6 18. Qxd7 Rfd8 19. Qc7 Rac8 20. Qa5 Qd3 21.
Kg2 Qxc3 22. Qc5 Qd3 23. Qxa7 g5 24. Be3 f5 25. Nf3 Qe4 26. Bxg5 fxg4 27. Qa3
gxf3+ 28. Qxf3 Rd6 29. Qxe4 dxe4 30. Be3 Bxd4 31. Rfd1 Rg6+ 32. Kf1 Bxa1  0-1

[Event "Open Letní Praha 2018 - A"]
[Site "Praha"]
[Date "2018.08.04"]
[Round "2"]
[Board "1"]
[White "Ajay Krishna, S"]
[Black "Turner, Matthew"]
[Result "0-1"]
[WhiteElo "2200"]
[BlackElo "2533"]
[PlyCount "36"]
[EventDate "2018.08.03"]
[EventRounds "9"]
[EventCountry "CZE"]

1. d4 Nf6 2. Bf4 d6 3. Nc3 c6 4. e4 Qa5 5. Qd2 e5 6. Bg3 exd4 7. Qxd4 Be6 8.
O-O-O Nbd7 9. Bc4 Bxc4 10. Qxc4 Ne5 11. Qe2 b5 12. f4 Nc4 13. e5 Nd5 14. exd6+
Kd8 15. d7 Ba3 16. Nxd5 Bxb2+ 17. Kb1 cxd5 18. Re1 Be5  0-1

[Event "Open Letní Praha 2018 - A"]
[Site "Praha"]
[Date "2018.08.04"]
[Round "2"]
[Board "2"]
[White "Neuman, Petr"]
[Black "Zlatin, Alexander"]
[Result "1/2-1/2"]
[WhiteElo "2446"]
[BlackElo "2193"]
[PlyCount "81"]
[EventDate "2018.08.03"]
[EventRounds "9"]
[EventCountry "CZE"]

1. c4 e6 2. g3 Nf6 3. Bg2 d5 4. Nf3 Be7 5. O-O O-O 6. d4 b6 7. cxd5 exd5 8. Nc3
Bb7 9. Ne5 Na6 10. Qa4 c5 11. Rd1 Qe8 12. Qxe8 Rfxe8 13. dxc5 Bxc5 14. Nd3 Nb4
15. Nxc5 bxc5 16. Bf4 Ba6 17. Rd2 Ne4 18. Nxe4 dxe4 19. Rc1 c4 20. Rd6 c3 21.
bxc3 Nxa2 22. Ra1 Bc4 23. Rd4 Bb3 24. Rxe4 Nxc3 25. Re3 Rac8 26. Bf3 Rxe3 27.
Bxe3 Bc4 28. Rxa7 Nxe2+ 29. Kg2 Nc3 30. Rd7 Be6 31. Rd6 Nb5 32. Rb6 Nc3 33. Rd6
Nb5 34. Rd2 h6 35. g4 Na3 36. Bf4 Nb1 37. Rd4 Rc4 38. Rd8+ Kh7 39. Kg3 Nc3 40.
h4 Ne4+ 41. Bxe4+  1/2-1/2

[Event "Open Letní Praha 2018 - A"]
[Site "Praha"]
[Date "2018.08.04"]
[Round "2"]
[Board "3"]
[White "Skalsky, Alexandr"]
[Black "Berchtenbreiter, Maximilian"]
[Result "1-0"]
[WhiteElo "2177"]
[BlackElo "2430"]
[PlyCount "71"]
[EventDate "2018.08.03"]
[EventRounds "9"]
[EventCountry "CZE"]

1. e4 c5 2. Nf3 d6 3. d4 cxd4 4. Nxd4 Nf6 5. Nc3 a6 6. Bg5 Nbd7 7. Qe2 h6 8.
Bh4 g6 9. f4 e5 10. fxe5 dxe5 11. O-O-O Qc7 12. Nb3 Be7 13. Qf3 b5 14. Rxd7
Qxd7 15. Bxf6 Bxf6 16. Qxf6 O-O 17. Qxe5 Re8 18. Qd4 Qxd4 19. Nxd4 Bb7 20. Bd3
Rad8 21. Nb3 b4 22. Nd5 Bxd5 23. exd5 Rxd5 24. Bxa6 Rf5 25. Bd3 Rf2 26. Rg1 Re5
27. a4 bxa3 28. bxa3 Rh5 29. h3 Kf8 30. a4 Rh4 31. a5 Ra4 32. Kb2 Ke7 33. Bb5
Rb4 34. a6 Rd2 35. a7 Rd8 36. Bc6  1-0

[Event "Open Letní Praha 2018 - A"]
[Site "Praha"]
[Date "2018.08.04"]
[Round "2"]
[Board "5"]
[White "Chmel, Kristian"]
[Black "Yagupov, Igor"]
[Result "0-1"]
[WhiteElo "2166"]
[BlackElo "2405"]
[PlyCount "90"]
[EventDate "2018.08.03"]
[EventRounds "9"]
[EventCountry "CZE"]

1. e4 c5 2. Nf3 Nc6 3. Bb5 Nf6 4. Bxc6 dxc6 5. d3 Qc7 6. Nbd2 Bg4 7. b3 e5 8.
Bb2 Nd7 9. Nc4 f6 10. Ne3 Be6 11. c3 O-O-O 12. Qc2 Kb8 13. O-O h5 14. a3 Nb6
15. b4 Qf7 16. d4 Bb3 17. Qc1 exd4 18. cxd4 cxb4 19. axb4 Bc4 20. Nxc4 Qxc4 21.
Bc3 Bxb4 22. Bxb4 Qxb4 23. Qf4+ Qd6 24. Qd2 Nc8 25. Rfb1 Rhe8 26. Qb2 Rd7 27.
e5 Qd5 28. Rc1 Qe6 29. Ra5 Rd5 30. Rac5 Nb6 31. Qa3 fxe5 32. Nxe5 Rxd4 33. h4
Qd6 34. Qg3 Re7 35. Kh2 Rc7 36. Qg5 Na4 37. Ra5 b6 38. Rxa4 Rxa4 39. g3 Ra5 40.
Re1 Qf6 41. f4 Ra2+ 42. Kh3 Qe6+ 43. f5 Qd5 44. Qxh5 Qg2+ 45. Kg4 Ra4+  0-1

[Event "Open Letní Praha 2018 - A"]
[Site "Praha"]
[Date "2018.08.04"]
[Round "2"]
[Board "6"]
[White "Pulpan, Jakub"]
[Black "Slacky, Stanislav"]
[Result "1-0"]
[WhiteElo "2400"]
[BlackElo "2138"]
[PlyCount "69"]
[EventDate "2018.08.03"]
[EventRounds "9"]
[EventCountry "CZE"]

1. d4 Nc6 2. d5 Ne5 3. f4 Ng6 4. e4 e5 5. dxe6 fxe6 6. Qe2 Bb4+ 7. c3 Be7 8.
Be3 Nf6 9. Nd2 O-O 10. g3 b6 11. Bg2 Bb7 12. O-O-O Qe8 13. h4 d5 14. h5 Nh8 15.
h6 g6 16. e5 Nd7 17. Bh3 Bc5 18. Ngf3 Bxe3 19. Qxe3 Nf7 20. Nd4 Nd8 21. Rhe1
Nc5 22. g4 Ba6 23. Bf1 Bxf1 24. Rxf1 Nc6 25. f5 Nxe5 26. fxe6 Ncd3+ 27. Kb1
Rxf1 28. Rxf1 c5 29. N4f3 Qb5 30. b3 Nc4 31. Nxc4 dxc4 32. e7 Qd7 33. Ng5 Ne5
34. Qxe5 Qd3+ 35. Kb2  1-0

[Event "Open Letní Praha 2018 - A"]
[Site "Praha"]
[Date "2018.08.04"]
[Round "2"]
[Board "7"]
[White "Sommerhalder, Eric"]
[Black "Olsarova, Karolina"]
[Result "0-1"]
[WhiteElo "2145"]
[BlackElo "2331"]
[PlyCount "108"]
[EventDate "2018.08.03"]
[EventRounds "9"]
[EventCountry "CZE"]

1. e4 Nf6 2. e5 Nd5 3. d4 d6 4. c4 Nb6 5. exd6 cxd6 6. Nc3 g6 7. Be3 Bg7 8. Rc1
O-O 9. b3 Bf5 10. d5 e5 11. Be2 Nc8 12. Nf3 Bg4 13. Nd2 Bxe2 14. Qxe2 Ne7 15.
O-O a6 16. b4 Nd7 17. Nde4 Nf5 18. c5 Rc8 19. Nxd6 Nxd6 20. cxd6 f5 21. Na4
Rxc1 22. Rxc1 f4 23. Bd2 Qf6 24. Nc5 Qxd6 25. Nxd7 Qxd7 26. Qc4 Rd8 27. d6+ Kh8
28. Qc7 Qxd6 29. Qxd6 Rxd6 30. Rc8+ Bf8 31. Rxf8+ Kg7 32. Rb8 Rxd2 33. Rxb7+
Kh6 34. Kf1 Rxa2 35. b5 e4 36. Ra7 a5 37. Re7 f3 38. gxf3 exf3 39. b6 Rb2 40.
Re3 Rb1+ 41. Re1 Rxb6 42. Ra1 a4 43. Ke1 Ra6 44. Kd2 a3 45. Ke3 a2 46. Kxf3 Kg5
47. Kg3 Ra3+ 48. f3 Kf5 49. Kf2 Kf4 50. Ke2 g5 51. Kf2 Rxf3+ 52. Kg2 Ra3 53.
Kf2 h5 54. Ke1 Ke3  0-1

[Event "Open Letní Praha 2018 - A"]
[Site "Praha"]
[Date "2018.08.04"]
[Round "2"]
[Board "8"]
[White "Hess, Max"]
[Black "Dave, Dhyani"]
[Result "1-0"]
[WhiteElo "2331"]
[BlackElo "2114"]
[PlyCount "59"]
[EventDate "2018.08.03"]
[EventRounds "9"]
[EventCountry "CZE"]

1. e4 c5 2. Nf3 d6 3. d4 cxd4 4. Nxd4 Nf6 5. Nc3 a6 6. Bg5 e6 7. Qe2 Be7 8. f4
b5 9. a3 Bb7 10. O-O-O Qc7 11. g4 Nbd7 12. Bg2 Nc5 13. h4 Rd8 14. Kb1 O-O 15.
Bxf6 Bxf6 16. g5 Bxd4 17. Rxd4 f5 18. gxf6 Rxf6 19. e5 Bxg2 20. Qxg2 Rff8 21.
Re1 d5 22. Qg4 Qf7 23. Rg1 Nd7 24. a4 bxa4 25. Rxa4 Nb8 26. Ne2 Rd7 27. Nd4 Re7
28. Rb4 Rc8 29. f5 Nc6 30. Nxc6  1-0

[Event "Open Letní Praha 2018 - A"]
[Site "Praha"]
[Date "2018.08.04"]
[Round "2"]
[Board "9"]
[White "Ladron De Guevara Galar, Fco J"]
[Black "Kulhanek, Tomas"]
[Result "0-1"]
[WhiteElo "2128"]
[BlackElo "2314"]
[PlyCount "78"]
[EventDate "2018.08.03"]
[EventRounds "9"]
[EventCountry "CZE"]

1. d4 Nf6 2. c4 e6 3. Nc3 Bb4 4. e3 O-O 5. Bd3 d5 6. Nf3 c5 7. O-O Nc6 8. a3
Bxc3 9. bxc3 dxc4 10. Bxc4 Qc7 11. h3 b6 12. Qe2 e5 13. Bb2 Bb7 14. Ba2 Rae8
15. d5 e4 16. Ne1 Ne5 17. c4 Ba6 18. f4 Ng6 19. Rd1 Rd8 20. f5 Ne7 21. d6 Rxd6
22. Be5 Nc8 23. g4 h6 24. Qh2 Ne8 25. Qf4 Qc6 26. Bxd6 Ncxd6 27. Rc1 Qa4 28. g5
hxg5 29. Qxg5 f6 30. Qf4 Qxa3 31. Rc2 Bc8 32. Ng2 Bxf5 33. Rd1 g5 34. Qg3 Qa4
35. Rdd2 Nf7 36. Nh4 Bh7 37. Rb2 Ng7 38. Rg2 Qd1+ 39. Kh2 Qh5  0-1

[Event "Open Letní Praha 2018 - A"]
[Site "Praha"]
[Date "2018.08.04"]
[Round "2"]
[Board "10"]
[White "Yandarbiev, Ruslan"]
[Black "Trapl, Dalibor"]
[Result "1-0"]
[WhiteElo "2314"]
[BlackElo "2111"]
[PlyCount "67"]
[EventDate "2018.08.03"]
[EventRounds "9"]
[EventCountry "CZE"]

1. e4 c5 2. Nf3 d6 3. d4 cxd4 4. Nxd4 Nf6 5. Nc3 g6 6. Be2 Bg7 7. O-O O-O 8.
Bg5 Nc6 9. Nb3 a5 10. a4 Be6 11. f4 Nb4 12. Kh1 Rc8 13. Nd4 Bc4 14. Ndb5 Bxe2
15. Qxe2 Nd7 16. Nxd6 f6 17. Nxc8 fxg5 18. Qc4+ Kh8 19. Rad1 Nxc2 20. Qd3 Qxc8
21. Qxc2 gxf4 22. Qd2 Nf6 23. Qxf4 Ng4 24. Qd2 Qb8 25. g3 h5 26. Qe2 Rxf1+ 27.
Rxf1 Bd4 28. Qc4 Bf6 29. Nd5 h4 30. Nxf6 exf6 31. Rc1 hxg3 32. Qc8+ Qxc8 33.
Rxc8+ Kg7 34. Rc7+  1-0

[Event "Open Letní Praha 2018 - A"]
[Site "Praha"]
[Date "2018.08.04"]
[Round "2"]
[Board "11"]
[White "Molkanov, Oleg"]
[Black "Gan-Erdene, Sugar"]
[Result "0-1"]
[WhiteElo "2112"]
[BlackElo "2309"]
[PlyCount "102"]
[EventDate "2018.08.03"]
[EventRounds "9"]
[EventCountry "CZE"]

1. d4 Nf6 2. c4 g6 3. Nf3 Bg7 4. Nc3 O-O 5. e4 d6 6. Be2 Na6 7. O-O e5 8. d5
Nc5 9. Nd2 a5 10. Qc2 Ne8 11. Nb3 f5 12. Nxc5 dxc5 13. exf5 gxf5 14. Be3 b6 15.
f3 Nd6 16. Rae1 f4 17. Bf2 Qg5 18. Kh1 Rf6 19. g4 fxg3 20. Bxg3 Nf5 21. Rg1 Nd4
22. Qe4 Rg6 23. Bf2 Qf5 24. Rxg6 hxg6 25. Rg1 Qxe4 26. fxe4 Nxe2 27. Nxe2 Kh7
28. Be3 Bh3 29. Nc3 Rf8 30. Nb5 Rf7 31. Bg5 Bf1 32. b3 Bh6 33. Bxh6 Kxh6 34.
Rg3 Kh5 35. Kg1 Kh4 36. Re3 Bh3 37. Re1 Kg4 38. Rd1 g5 39. Re1 Kf3 40. Nc3 Rf4
41. Nd1 Rg4+ 42. Kh1 Bg2+ 43. Kg1 Bh3+ 44. Kh1 Rg2 45. Rg1 Rxg1+ 46. Kxg1 Bd7
47. Nf2 g4 48. Kf1 Be8 49. Nh1 Bg6 50. Ng3 Bxe4 51. Nh5 Bd3+  0-1

[Event "Open Letní Praha 2018 - A"]
[Site "Praha"]
[Date "2018.08.04"]
[Round "2"]
[Board "13"]
[White "Marczuk, Dominik"]
[Black "Zemlickova, Olena"]
[Result "1/2-1/2"]
[WhiteElo "2290"]
[BlackElo "2099"]
[PlyCount "111"]
[EventDate "2018.08.03"]
[EventRounds "9"]
[EventCountry "CZE"]

1. Nf3 d5 2. g3 Nf6 3. Bg2 c6 4. O-O Bf5 5. d3 h6 6. Nbd2 e6 7. c4 Be7 8. cxd5
exd5 9. Nd4 Bd7 10. e4 dxe4 11. dxe4 Bg4 12. Ne2 Qd3 13. f3 Bc8 14. Nf4 Qd4+
15. Kh1 O-O 16. Qc2 Nbd7 17. Rd1 Qc5 18. Qxc5 Nxc5 19. Nc4 g5 20. Ne2 Be6 21.
Ne3 Rfd8 22. Nd4 Bc8 23. b3 Ne6 24. Ndf5 Rxd1+ 25. Nxd1 Bf8 26. Bb2 Ne8 27.
Nde3 N6c7 28. Rd1 Bxf5 29. Nxf5 Ne6 30. Bf1 Rd8 31. Rxd8 Nxd8 32. Be5 b5 33.
Kg2 a6 34. f4 Nb7 35. Kf3 Ned6 36. Nxd6 Nxd6 37. Bc3 gxf4 38. gxf4 f5 39. e5
Ne8 40. Bh3 Ng7 41. e6 Nxe6 42. Bxf5 Kf7 43. Be4 Bd6 44. Bd2 Kf6 45. Be3 c5 46.
Bb7 a5 47. Bd5 Nd4+ 48. Ke4 Ne2 49. Bd2 b4 50. Bc4 Nc3+ 51. Bxc3+ bxc3 52. Bd3
Ke6 53. h3 Be7 54. Bc2 Bf6 55. Bd3 Bg7 56. Bc2  1/2-1/2

[Event "Open Letní Praha 2018 - A"]
[Site "Praha"]
[Date "2018.08.04"]
[Round "2"]
[Board "14"]
[White "Koubova, Anna Marie"]
[Black "Vanek, Ladislav"]
[Result "1-0"]
[WhiteElo "2086"]
[BlackElo "2271"]
[PlyCount "111"]
[EventDate "2018.08.03"]
[EventRounds "9"]
[EventCountry "CZE"]

1. d4 Nf6 2. c4 e6 3. Nf3 b6 4. Bf4 Bb7 5. e3 Be7 6. h3 O-O 7. Nc3 d5 8. Be2 c5
9. dxc5 Bxc5 10. cxd5 Nxd5 11. Nxd5 Bxd5 12. O-O Nc6 13. a3 a5 14. Qa4 Qf6 15.
Rab1 Rfc8 16. Rfd1 h6 17. Rd2 Qg6 18. Bd3 f5 19. Be2 Ne7 20. Bg3 Bxe3 21. fxe3
Qxg3 22. Qh4 Qxh4 23. Nxh4 Rc7 24. Bf3 g5 25. Bxd5 Nxd5 26. Nxf5 exf5 27. Rxd5
Re8 28. Rxf5 Rxe3 29. Rf6 Kg7 30. Rxb6 Re2 31. Rd1 a4 32. Rdd6 Kf8 33. Rf6+ Ke7
34. Rxh6 Kf8 35. Rhf6+ Ke8 36. Rfe6+ Re7 37. Rxe2 Rxe2 38. Rb5 g4 39. hxg4 Kf7
40. Kh2 Kg6 41. Kg3 Rd2 42. Kh4 Rxg2 43. Rb6+ Kg7 44. Kg5 Rc2 45. Rb7+ Kg8 46.
Kg6 Rc6+ 47. Kh5 Rc2 48. g5 Rc6 49. Ra7 Rb6 50. Rxa4 Rxb2 51. Kh6 Rb8 52. g6
Rc8 53. Rb4 Rd8 54. a4 Ra8 55. a5 Kf8 56. Kh7  1-0

[Event "Open Letní Praha 2018 - A"]
[Site "Praha"]
[Date "2018.08.04"]
[Round "2"]
[Board "15"]
[White "Becker, Matthias"]
[Black "Pick, Stepan"]
[Result "1-0"]
[WhiteElo "2254"]
[BlackElo "2084"]
[PlyCount "99"]
[EventDate "2018.08.03"]
[EventRounds "9"]
[EventCountry "CZE"]

1. d4 f5 2. Bg5 h6 3. Bh4 g5 4. e4 Nf6 5. e5 e6 6. exf6 Qxf6 7. Qh5+ Qf7 8.
Qxf7+ Kxf7 9. Bg3 f4 10. Bxf4 gxf4 11. Nc3 a6 12. O-O-O d5 13. Be2 Bd6 14. Nh3
Nc6 15. Bh5+ Kg7 16. Rhe1 Bd7 17. Ne2 Raf8 18. Neg1 Rf6 19. Nf3 Be8 20. Bg4 Nd8
21. Ne5 Bg6 22. Ng1 Re8 23. Ngf3 h5 24. Bh3 Bf5 25. Bxf5 Rxf5 26. Re2 Kh6 27.
Nd3 Rg8 28. Rde1 Rf6 29. Nh4 Rg4 30. Nf3 Rxg2 31. b3 Rg8 32. c4 c6 33. Kc2 Rfg6
34. c5 Bc7 35. h4 Rg4 36. b4 R4g6 37. a4 Re8 38. Ng5 Reg8 39. Kd2 R8g7 40. Nxe6
Nxe6 41. Rxe6 Rxe6 42. Rxe6+ Rg6 43. Re8 Rg7 44. Ke2 Kg6 45. Kf3 Rf7 46. Rg8+
Kh7 47. Rg5 Kh6 48. b5 axb5 49. axb5 Bd8 50. Ne5  1-0

[Event "Open Letní Praha 2018 - A"]
[Site "Praha"]
[Date "2018.08.04"]
[Round "2"]
[Board "16"]
[White "Yakimenko, Alexander A."]
[Black "Jedlicka, Ales"]
[Result "1/2-1/2"]
[WhiteElo "2069"]
[BlackElo "2253"]
[PlyCount "85"]
[EventDate "2018.08.03"]
[EventRounds "9"]
[EventCountry "CZE"]

1. e4 c5 2. Nf3 d6 3. Bb5+ Bd7 4. a4 Nc6 5. O-O Nf6 6. Re1 e5 7. h3 Be7 8. d3
O-O 9. Nbd2 h6 10. Nc4 a6 11. Bxc6 Bxc6 12. a5 Nh7 13. Ne3 Bd7 14. Bd2 Be6 15.
b4 cxb4 16. Bxb4 Qd7 17. d4 exd4 18. Nxd4 Bf6 19. Rb1 Bxd4 20. Qxd4 Rfd8 21.
Red1 Nf6 22. Bxd6 Rac8 23. e5 Ne8 24. Qb4 Qc6 25. Qxb7 Qa4 26. Qb4 Qc6 27. Be7
Rxd1+ 28. Rxd1 Nc7 29. Rd6 Qe8 30. Bh4 Qf8 31. Qd2 g5 32. Bg3 Nb5 33. Rd3 Qc5
34. Rd8+ Kg7 35. Rxc8 Qxc8 36. h4 Nc3 37. Qd3 Qc6 38. Kh2 Ne4 39. f3 Nxg3 40.
Kxg3 Qa4 41. hxg5 hxg5 42. Qe4 Qxa5 43. Kh2  1/2-1/2

[Event "Open Letní Praha 2018 - A"]
[Site "Praha"]
[Date "2018.08.04"]
[Round "2"]
[Board "17"]
[White "Phadke, Sohan"]
[Black "Krupicka, Josef"]
[Result "1-0"]
[WhiteElo "2245"]
[BlackElo "2059"]
[PlyCount "51"]
[EventDate "2018.08.03"]
[EventRounds "9"]
[EventCountry "CZE"]

1. e4 c6 2. d4 d5 3. e5 Bf5 4. h4 h5 5. c4 e6 6. Nc3 Ne7 7. Nge2 Nd7 8. Ng3 g6
9. Bg5 Qb6 10. Qd2 dxc4 11. Bxc4 O-O-O 12. Qe3 Qb4 13. b3 Nb6 14. a3 Nxc4 15.
axb4 Nxe3 16. fxe3 Kb8 17. O-O Rh7 18. Nce4 Rc8 19. Nf6 Rh8 20. Nd7+ Kc7 21.
Nxf8 Nd5 22. e4 Nxb4 23. exf5 gxf5 24. Be7 Nc2 25. Bd6+ Kd8 26. Rxa7  1-0

[Event "Open Letní Praha 2018 - A"]
[Site "Praha"]
[Date "2018.08.04"]
[Round "2"]
[Board "18"]
[White "Horton, Justin"]
[Black "Olson, Hamish"]
[Result "0-1"]
[WhiteElo "2055"]
[BlackElo "2241"]
[PlyCount "78"]
[EventDate "2018.08.03"]
[EventRounds "9"]
[EventCountry "CZE"]

1. d4 d5 2. c4 e6 3. Nf3 Nf6 4. Bg5 h6 5. Bxf6 Qxf6 6. Nc3 c6 7. e3 Nd7 8. Bd3
Qd8 9. O-O Be7 10. Qe2 dxc4 11. Bxc4 b6 12. Rfd1 Bb7 13. Rac1 O-O 14. Bd3 Rc8
15. e4 Re8 16. e5 Qc7 17. Qe4 Nf8 18. Qg4 c5 19. Ne4 Bxe4 20. Bxe4 Qd7 21. d5
exd5 22. Qxd7 Nxd7 23. Rxd5 Nf8 24. Rcd1 g6 25. Kf1 Rc7 26. g3 Rec8 27. h4 h5
28. Ke2 Ne6 29. R5d2 c4 30. Bd5 Nc5 31. Bxc4 Ne4 32. Rd7 Rxc4 33. Rxe7 Rc2+ 34.
Ke3 Nxf2 35. Rdd7 Ng4+ 36. Kf4 Rf2 37. e6 Rc4+ 38. Kg5 Rc5+ 39. Kf4 Rf5+  0-1

[Event "Open Letní Praha 2018 - A"]
[Site "Praha"]
[Date "2018.08.04"]
[Round "2"]
[Board "19"]
[White "Vrecion, Jiri"]
[Black "Toman, Ondrej"]
[Result "0-1"]
[WhiteElo "2050"]
[BlackElo "2231"]
[PlyCount "50"]
[EventDate "2018.08.03"]
[EventRounds "9"]
[EventCountry "CZE"]

1. c4 e5 2. Nc3 Nc6 3. g3 f5 4. Bg2 Nf6 5. d3 Bb4 6. Bd2 O-O 7. e3 d6 8. Qb3 f4
9. O-O-O Ng4 10. Nh3 a5 11. Bxc6 bxc6 12. exf4 Bf5 13. f3 Ne3 14. Bxe3 Bxh3 15.
Na4 exf4 16. Bf2 Bg2 17. Rhg1 Bxf3 18. d4 fxg3 19. Bxg3 Qg5+ 20. Kb1 Bxd1 21.
Rxd1 Bd2 22. c5+ d5 23. Bxc7 Rae8 24. Qb6 Qf5+ 25. Ka1 Qf1  0-1

[Event "Open Letní Praha 2018 - A"]
[Site "Praha"]
[Date "2018.08.04"]
[Round "2"]
[Board "20"]
[White "Hrdina, Robin"]
[Black "Kornitzky, Tino"]
[Result "1-0"]
[WhiteElo "2219"]
[BlackElo "2036"]
[PlyCount "27"]
[EventDate "2018.08.03"]
[EventRounds "9"]
[EventCountry "CZE"]

1. b3 e5 2. Bb2 Nc6 3. e3 d5 4. Nf3 Bd6 5. c4 dxc4 6. Bxc4 Nf6 7. Nc3 O-O 8.
Nb5 Bf5 9. O-O e4 10. Nxd6 Qxd6 11. Nh4 Be6 12. Bxf6 Bxc4 13. Bxg7 Kxg7 14.
Nf5+  1-0

[Event "Open Letní Praha 2018 - A"]
[Site "Praha"]
[Date "2018.08.04"]
[Round "2"]
[Board "21"]
[White "Kong, Ren En"]
[Black "Ciolek, Andreas"]
[Result "0-1"]
[WhiteElo "2048"]
[BlackElo "2216"]
[PlyCount "76"]
[EventDate "2018.08.03"]
[EventRounds "9"]
[EventCountry "CZE"]

1. d4 Nf6 2. c4 g6 3. Nc3 Bg7 4. e4 d6 5. f3 O-O 6. Be3 c5 7. Nge2 Nc6 8. d5
Ne5 9. Ng3 h5 10. Be2 h4 11. Nf1 e6 12. f4 Nxc4 13. Bxc4 b5 14. Bxb5 exd5 15.
e5 Bg4 16. Be2 Bxe2 17. Qxe2 dxe5 18. fxe5 d4 19. O-O-O Nd5 20. Nxd5 Qxd5 21.
Bf4 Qxa2 22. Nd2 Rab8 23. Nb1 Rb6 24. Rhf1 Rfb8 25. Rf2 d3 26. Rxd3 Rxb2 27.
Rd8+ Kh7 28. Qxb2 Rxb2 29. Rxb2 Qc4+ 30. Rc2 Qxf4+ 31. Nd2 Qxe5 32. Nc4 Qa1+
33. Kd2 Bh6+ 34. Ke2 Qg1 35. Re8 Qxg2+ 36. Kd1 Qf1+ 37. Re1 Qd3+ 38. Nd2 c4  0-1

[Event "Open Letní Praha 2018 - A"]
[Site "Praha"]
[Date "2018.08.04"]
[Round "2"]
[Board "22"]
[White "Kadonas, Kestutis"]
[Black "Chudinovskikh, Alexander M"]
[Result "0-1"]
[WhiteElo "1807"]
[BlackElo "2211"]
[PlyCount "50"]
[EventDate "2018.08.03"]
[EventRounds "9"]
[EventCountry "CZE"]

1. e4 d5 2. e5 Bf5 3. f4 e6 4. Nf3 c5 5. c3 Nc6 6. Bb5 Nge7 7. O-O a6 8. Ba4
Bd3 9. Re1 c4 10. b4 Nf5 11. Bc2 h6 12. Bxd3 cxd3 13. g4 Nh4 14. Re3 Ng6 15. f5
Nf4 16. Nd4 Nxd4 17. cxd4 h5 18. Nc3 hxg4 19. f6 gxf6 20. Qxg4 fxe5 21. Rxe5
Qf6 22. Bb2 Nh3+ 23. Kg2 Qf2+ 24. Kh1 Nf4 25. Qg1 Qf3+  0-1